00342nam a2200121Ia 4500100001200000942000700012654001400019245003600033260002200069546001200091999001700103952010000120 aJensin  cBK aMaterials aStatics & Strength of Materials bMcGraw Hillc2001 aENGLISH c24456d24456 001040708AFTaCRCEbCRCEd2023-03-17g60.00l0o pAFT576r2023-03-17v60.00w2023-03-17yBK